00718nam a2200181 a 450000100100000000500170001000800410002702000180006804000250008608200130011124500840012426001180020830000280032650000210035459000270037595201190040299900150052100000244720200929150209.0090702s2009 dr 000 0 spa d a9788489384767 aDO-SdBNPbspacBNPHU axxxbxxx00aLibros escogidos de la literatura infantil y juvenil (3-15 años) 2007-2008 :. aMadrid :bRed de Selección de Libros Infantiles y Juveniles : Fundación Germán Sánchez Ruipérez,c2009. a119 p. :bil. ;c20 cm. aIncluye índice aInventariado, 2018/MFF 001052708PDaGRbGRcHDd2009-07-02iLF1l0oxxx xxxp2447-10r2020-06-25w2020-06-25yLFPDZPréstamo interno c2283d2283